Géographie de la France par lettre - B - Statistiques

Statistiques générales
  • Ce quiz a été pris 26 763 fois
  • Le résultat moyen est 10 sur 20
Statistiques - réponses
Question Réponse % Correct
Chef-lieu de la région Nouvelle-Aquitaine Bordeaux
94%
Deuxième ville la plus peuplée de Corse Bastia
93%
Département le plus peuplé de la côte méditerranéenne Bouches-du-Rhône
75%
Station balnéaire réputée du Pays Basque Biarritz
69%
Région la plus occidentale de métropole Bretagne
68%
Département alsacien Bas-Rhin
67%
Plus grande ville de Franche-Comté Besançon
67%
Capitale historique du Pays Basque français Bayonne
65%
Île touristique polynésienne. Ayant un nom se répétant Bora Bora
64%
Ancienne province et région naturelle, entre autres connue pour ses poulets Bresse
46%
Ville de Côte d'Or connue pour ses hospices Beaune
45%
Ville normande connue pour une célèbre tapisserie Bayeux
43%
Capitale historique du Berry Bourges
37%
Ville du Pas-de-Calais, considérée comme la capitale de la Côte d'Opale Boulogne-sur-Mer
36%
Sous-préfecture des Hautes-Alpes. Considérée comme la ville la plus haute de France Briançon
34%
Région naturelle et viticole, à cheval sur le Rhône, la Loire et la Saône-et-Loire Beaujolais
33%
Troisième île de métropole en superficie. Dans le département du Morbihan Belle-île-en-mer
32%
Commune de la banlieue de Lyon. Karim Benzema y a grandi Bron
26%
Deuxième ville la plus peuplée de Dordogne Bergerac
25%
Île du Finistère, au large de Roscoff Île de {Batz}
19%
Aucun quiz correspondant
Distribution des résultats
% des personnes avec chaque résultat
Percentile par nombre de réponses
Votre historique - résultats
Vous n’avez pas pris ce quiz